00738nam a2200169Ia 4500001001100000003000500011008004100016010001100057040000900068100003500077245020200112260003400314300002200348502010500370700004300475710005000518Para_10174CHAP220125sDici xx 000 0 und d a208711 cCHAP aGalván Sánchez, Juan Pablo aEvaluación del comportamiento de tres especies de cobertura viva y métodos de control de malezas en Chapingo, México /c Juan Pablo Galván Sánchez. Director Juan Lorenzo Medina Pitalúa aChapingo, Méx. :b el autor a1 CDS ROM (54 p.) aTesis (Ing. Agr. Esp. en Parasitología Agrícola). UACh. Departamento Parasitología Agrícola aMedina Pitalua, Juan Lorenzo. Director aUACh. Departamento Parasitología Agrícola